书目信息 |
| 题名: |
中国教育改革30年
|
|
| 作者: | 王炳照 主编 | |
| 分册: | 基础教育卷 | |
| 出版信息: | 北京 北京师范大学出版社 2009 |
|
| 页数: | 10,227页 | |
| 开本: | 23cm | |
| 丛书名: | ||
| 单 册: | ||
| 中图分类: | G521 , G639.21 | |
| 科图分类: | ||
| 主题词: | 教育改革--研究--中国 , 基础教育--教育改革--研究--中国 , 教育改革 , 基础教育 | |
| 电子资源: | ||
| ISBN: | 978-7-303-09591-9 | |
| 000 | 00995nam0 2200301 45 | |
| 001 | 1029871581 | |
| 005 | 20100428155439.12 | |
| 010 | @a978-7-303-09591-9@dCNY32.00 | |
| 100 | @a20100420d2009 em y0chiy50 ea | |
| 101 | 0 | @achi |
| 102 | @aCN@b110000 | |
| 105 | @ay z 000yy | |
| 106 | @ar | |
| 200 | 1 | @a中国教育改革30年@AZhong Guo Jiao Yu Gai Ge 30 Nian@i基础教育卷@IJi Chu Jiao Yu Juan@f王炳照主编@FWang Bing Zhao Zhu Bian |
| 210 | @a北京@c北京师范大学出版社@d2009 | |
| 215 | @a10,227页@d23cm | |
| 300 | @a北京师范大学社会科学处资助项目 | |
| 330 | @a本书内容包括:基础教育战略地位的确定、基础教育结构调整、基础教育评价和考试制度改革等。 | |
| 517 | 1 | @a基础教育卷@AJi Chu Jiao Yu Juan |
| 606 | 0 | @a教育改革@x研究@y中国 |
| 606 | 0 | @a基础教育@x教育改革@x研究@y中国 |
| 606 | 0 | @a教育改革 |
| 606 | 0 | @a基础教育 |
| 690 | @aG521@v4 | |
| 690 | @aG639.21@v4 | |
| 701 | 0 | @a王炳照@AWang Bing Zhao@4主编 |
| 801 | 0 | @aCN@bTANGWEI@c20100428 |
| 905 | @b0593477-81@dG521@e143:2@f5 | |
| 中国教育改革30年.基础教育卷/王炳照主编.-北京:北京师范大学出版社,2009 |
| 10,227页;23cm |
| 北京师范大学社会科学处资助项目 |
| ISBN 978-7-303-09591-9:CNY32.00 |
| 本书内容包括:基础教育战略地位的确定、基础教育结构调整、基础教育评价和考试制度改革等。 |
| ● |
| 相关链接 |
|
|
|
|
正题名:中国教育改革30年
索取号:G521/143:2
 
预约/预借
| 序号 | 登录号 | 条形码 | 馆藏地/架位号 | 状态 | 备注 |
| 1 | 0593477 | 205934774 | 第一样本阅览室/ [索取号:G521/143:2] | 在馆 | |
| 2 | 0593478 | 205934783 | 第四借阅区/ [索取号:G521/143:2] | 在馆 | |
| 3 | 0593479 | 205934792 | 第四借阅区/ [索取号:G521/143:2] | 在馆 | |
| 4 | 0593480 | 205934809 | 第四借阅区/ [索取号:G521/143:2] | 在馆 | |
| 5 | 0593481 | 205934818 | 教育系资料室/ [索取号:G521/143:2] | 在馆 |